000 00368nam a22001097a 4500
040 _cSY
082 _a632
100 _aROBERT MARTIN; រ៉ូប៊ឺត​ ម៉ាទីន
245 _aរុក្ខជាតិចង្រៃនៃដំណាំចំការក្នុងប្រទេសកម្ពុជា
260 _aACIAR
_bROB
_c1968
942 _cKB
999 _c9902
_d9902